01330nam a2200373 i 450000100060000000300090000600500170001500800390003201500170007104000410008804100130012904600090014208000100015108000100016110000290017124501100020024600940031026000560040430000520046033600270051233700540053933800280059338000170062138000270063838800140066538800140067950400120069365800150070565500260072065000310074670000390077771000420081685600980085813378KOSZ 00520250813063407.0071026s1971 pl a f f 001 0 pol aPB 1971/3642 aWA NcWA NdKOSZ 005/RWdKOSZ 005/HR1 apolhger k1971 a517.9 a(076)1 aGoering, Herbert.eAutor10aElementarne metody rozwiązywania równań różniczkowych /cHerbert Goering ; [tł. J. Cichorski].1 iTytuł oryginału:aElementare Methoden zur Lösung von Differentialgleichungsproblemen. aWarszawa :bPaństwowe Wydawnictwo Naukowe,c1971. a143, [1] strony :bilustracje, errata ;c23 cm. aTekstbtxt2rdacontent aBez urządzenia pośredniczącegobn2rdamedia aWoluminbnc2rdacarrier aKsiążki. aPublikacje dydaktyczne a1901-2000 a1945-1989 aIndeks. aMatematyka 4aĆwiczenia i zadania 4aRównania różniczkowe1 aCichorski, JarosławeTłumaczenie2 aPaństwowe Wydawnictwo Naukowe4pbl. uhttp://koha.tu.koszalin.pl/cgi-bin/koha/opac-detail.pl?biblionumber=13378yKatalog online BPK